Dicsőséges (?) 33 nap. Tartalékos tiszt - mondd, akarsz-e lenni?

Elmentve itt :
Bibliográfiai részletek
Dokumentumtípus: Cikk
Megjelent: 1990-02-15
Sorozat:Délmagyarország 80 No. 39
Kulcsszavak:Pálfi György
Online Access:http://dmarchiv.bibl.u-szeged.hu/81437
LEADER 00436nab a2200145 i 4500
001 delm81437
005 20190930130116.0
008 190930s1990 hu o 0|| hun d
040 |a SZTE Délmagyarország Archívum  |b hun 
041 |a hun 
245 0 0 |a Dicsőséges (?) 33 nap. Tartalékos tiszt - mondd, akarsz-e lenni?  |h [elektronikus dokumentum] 
260 |c 1990-02-15 
300 |a 3 
490 0 |a Délmagyarország  |v 80 No. 39 
695 |a Pálfi György